| 000 | 00454nam a22001577a 4500 | ||
|---|---|---|---|
| 020 | _a9781496316769 | ||
| 082 |
_a611.018 _bERO |
||
| 100 |
_aEroschenko, Victor P. _9113268 |
||
| 245 |
_aAtlas of Histology with Functional Correlations / _cVictor P. Eroschenko |
||
| 250 | _a13tth Edition. | ||
| 260 |
_aPhiladelphia : _bWolters Kluwer, _c2017. |
||
| 300 |
_a617 p. ; _bill, _c27 cm. |
||
| 563 | _aPBK. | ||
| 650 |
_aHistology _9113274 |
||
| 942 |
_2ddc _cBK |
||
| 999 |
_c595220 _d595220 |
||